MARC

LEADER 00000nam0a2200000 4500
001 369832
005 20231102012224.0
035 |a (RuTPU)RU\TPU\retro\27239 
090 |a 369832 
100 |a 20220606d1980 km y0rusy50 ca 
101 0 |a rus 
102 |a RU 
105 |a a g 001zy 
200 1 |a Контроль деталей, обработанных на металлорежущих станках  |f А. В. Коваленко 
210 |a Москва  |c Машиностроение  |d 1980 
215 |a 167 с.  |c ил. 
225 1 |a Библиотека станочника 
320 |a Библиогр.: с. 165 
606 1 |a Контрольно-измерительные инструменты и приборы в станкостроении  |2 stltpush  |3 (RuTPU)RU\TPU\subj\15576  |9 41811 
606 1 |a Металлорежущие станки  |x Металлообработка  |x Технический контроль  |2 stltpush  |3 (RuTPU)RU\TPU\subj\42611  |9 62270 
610 1 |a справочники 
610 1 |a механическая обработка 
610 1 |a точность 
610 1 |a обработанные поверхности 
610 1 |a качество 
610 1 |a технические измерения 
610 1 |a типовые детали 
610 1 |a средства измерений 
610 1 |a автоматизация 
610 1 |a активный контроль 
610 1 |a активный контроль 
675 |a 621.9.06.002(035)  |v 4 
675 |a 621.9.06.08(035)  |v 4 
700 1 |a Коваленко  |b А. В.  |g Александр Васильевич 
801 1 |a RU  |b 63413507  |c 20220606 
801 2 |a RU  |b 63413507  |c 20221229  |g RCR 
942 |c BK